Nazioni Finaliste Coppa Davis - Statistics

Statistiche generali
  • Questo quiz è stato fatto 30 volte
  • Il punteggio medio è 20 su 23
Statistiche sulle risposte
Continente Primo posto Secondo posto Nazione % Corretto
Europa 10 9 Francia
100%
Europa 1 6 Italia
100%
Europa 1 1 Serbia
100%
America del Nord 32 29 Stati Uniti
100%
Oceania 28 20 Australia
97%
America del Nord 1 1 Canada
97%
Europa 10 8 Regno Unito
97%
Asia / Europa 3 3 Russia
97%
Europa 6 4 Spagna
97%
America del Sud 1 4 Argentina
93%
Europa 3 2 Germania Ovest / Germania
93%
America del Nord 0 1 Messico
93%
Europa 7 5 Svezia
93%
Europa 1 1 Svizzera
93%
America del Sud 0 1 Cile
86%
Africa 1 0 Sudafrica
86%
Europa 0 3 Belgio
83%
Europa 2 2 Croazia
79%
Asia 0 1 Giappone
76%
Europa 3 2 Cecoslovacchia / Repubblica Ceca
72%
Asia 0 3 India
72%
Europa 0 3 Romania
72%
Europa 0 1 Slovacchia
52%
Nessun quiz corrispondente trovato
Distribuzione punteggi
Percentuale di utenti per punteggio
Percentile per numero di risposta
I tuoi punteggi nel tempo
Non hai fatto questo quiz